Harvesting and processing of latex at chamcar ondong rubber plantation ការប្រមូលផល និងការកែច្នៃជ័រកៅស៊ូនៅចំការកៅស៊ូចំការអណ្ដូង (Record no. 470)

000 -LEADER
fixed length control field 00585nam a22001337a 4500
040 ## - CATALOGING SOURCE
Transcribing agency RUA
082 ## - DEWEY DECIMAL CLASSIFICATION NUMBER
Classification number AGR SEN 1999 B024 Or.1
100 ## - MAIN ENTRY--AUTHOR NAME
Personal name SENG, CHANNAROM.
245 ## - TITLE STATEMENT
Title Harvesting and processing of latex at chamcar ondong rubber plantation ការប្រមូលផល និងការកែច្នៃជ័រកៅស៊ូនៅចំការកៅស៊ូចំការអណ្ដូង
260 ## - PUBLICATION, DISTRIBUTION, ETC. (IMPRINT)
Place of publication Phnom Penh
Name of publisher RUA
Year of publication 1999
300 ## - PHYSICAL DESCRIPTION
Number of Pages 53p.
Other physical details ill.
Dimensions 1999
856 ## - ELECTRONIC LOCATION AND ACCESS
Uniform Resource Identifier https://drive.google.com/file/d/1UVei1TME8h2sX5zs97Op4K4JfW5n1L9h/view?usp=sharing
942 ## - ADDED ENTRY ELEMENTS (KOHA)
Koha item type AGR
952 ## - LOCATION AND ITEM INFORMATION (KOHA)
Withdrawn status [LOCAL, KOHA] 0
952 ## - LOCATION AND ITEM INFORMATION (KOHA)
Withdrawn status [LOCAL, KOHA] 0
952 ## - LOCATION AND ITEM INFORMATION (KOHA)
Withdrawn status [LOCAL, KOHA] 0
952 ## - LOCATION AND ITEM INFORMATION (KOHA)
Withdrawn status [LOCAL, KOHA] 0
952 ## - LOCATION AND ITEM INFORMATION (KOHA)
Withdrawn status [LOCAL, KOHA] 0
952 ## - LOCATION AND ITEM INFORMATION (KOHA)
Withdrawn status [LOCAL, KOHA] 0
952 ## - LOCATION AND ITEM INFORMATION (KOHA)
Withdrawn status [LOCAL, KOHA] 0
952 ## - LOCATION AND ITEM INFORMATION (KOHA)
Withdrawn status [LOCAL, KOHA] 0
Holdings
Permanent Location Date acquired Koha item type Lost status Shelving location Barcode Current Location Full call number
Library Block B2015-09-15AGR B024RUA004019Library Block BAGR SEN 1999 B024 Or.1
Library Block B2015-09-15AGR B024RUA004013Library Block BAGR SEN 1999 B024 Or.2
Library Block B2015-09-15AGR B024RUA004017Library Block BAGR SEN 1999 B024 Or.3
Library Block B2015-09-15AGR B024RUA005004Library Block BAGR SEN 1999 B024 Or.4
Library Block B2015-09-15AGR B024RUA005084Library Block BAGR SEN 1999 B024 Or.5
Library Block B2015-09-15AGR B024RUA004331Library Block BAGR SEN 1999 B024 Or.6
Library Block B2015-09-15AGR B024RUA004187Library Block BAGR SEN 1999 B024 Or.7
Library Block B2015-09-15AGR B024RUA004115Library Block BAGR SEN 1999 B024 Or.8
មជ្ឈមណ្ឌលឯការនៃសាកលវិទ្យាល័យភូមិន្ទកសិកម្មចំការដូង

Powered by Koha